Statistics for The stupid Quiz

Click here to take the quiz!

General Stats

  • This quiz has been taken 1,600 times
  • The average score is 6 of 9

Answer Stats

HintAnswer% Correct
If an electric train is travelling at 95 MPH with a westerly wind, which way is the smoke blowingthere is no smoke
84%
If roses are red, what colour are violetsViolet
81%
If a bungalow is blue on the outside, blue on the inside and furnished in blue, what colour are the stairs?There are no stairs
76%
A farmer has 20 sheep and all but 15 die. How many sheep are left15
68%
Which calendar month has 28 days.All of them
68%
There are 7 Birds on a cable, I shoot 1 bird with the catapult and she dies. How many birds left on the cable0 (they all fly away)
64%
I have a red sock, a green sock and a blue sock, how many pairs of socks do I have1
62%
How much dirt in a 2m x 2m x2m hole in the groundNone (it's a hole)
54%
If a plane crashes on the USA/Canada border, where are the survivors buriedYou don't bury survivors
52%

Score Distribution

Percentile by Number Answered

Percent of People with Each Score

Your Score History

You have not taken this quiz